I Giganti La Nuova Biblio. Per Tutti Tasso vol.6

Gardado en:
Detalles Bibliográficos
Formato: Libro
Idioma:lingua descoñecida ou non válida
Publicado: Mondatori
Tags: Engadir etiqueta
Sen Etiquetas, Sexa o primeiro en etiquetar este rexistro!

MARC

LEADER 00000nam a2200000Ia 4500
001 R-177
003 CODICE-MESSINA
005 20260212102448.0
008 260211s9999 xx 000 0 und d
040 |c importazione_messina 
245 0 |a I Giganti La Nuova Biblio. Per Tutti 
245 0 |b Tasso vol.6 
260 |b Mondatori 
942 |2 ddc  |c BK 
952 |0 0  |1 0  |2 ddc  |4 0  |6 SCAFFALE_3_000000000000000__LETTERATURA  |7 0  |9 30998  |a ME  |b ME  |d 2026-02-11  |l 0  |o SCAFFALE 3 - LETTERATURA  |p R-177  |r 2026-02-11 23:52:16  |w 2026-02-11  |x [REVISIONARE]  |y BK 
999 |c 26660  |d 26660